000 00972cam a22003017a 4500
003 CHAP
005 20220329141915.0
008 980521d1998 mx ab r 00010 spa d
010 _a75563
011 _a76535
035 _a86120
040 _cCHAP
090 _aR-3610
100 0 0 _aTiscareño López, Mario.
_9113415
245 1 0 _aAlgunos efectos del fenómeno climático El niño en la agricultura mexicana
_c/por Mario Tiscareño López
500 _aFotocopia
500 _aSobretiro de: Ciencia y Desarrollo 24(139) : 5-12,1998.
590 _aBATCH-UPD
_b10
_c20130110
_lUCH01
_h0707
590 _aBATCH-UPD
_b10
_c20130410
_lUCH01
_h0352
590 _aBATCH-UPD
_b10
_c20130914
_lUCH01
_h1356
590 _aCONVERSION
_b10
_c20130109
_lUCH01
_h1341
650 1 4 _aFenómeno El niño.
_940045
650 1 4 _aFenómenos atmosféricos.
_940046
901 _aBK
905 _aAlejandra Carrasco M.
942 _cREIMP
949 _aR-3610
_bBC
_cR
_d861201
_eTS1
_i86120
_sb
999 _c75563
_d75563